<?xml version="1.0" encoding="UTF-8"?>
<record
    xmlns:xsi="http://www.w3.org/2001/XMLSchema-instance"
    xsi:schemaLocation="http://www.loc.gov/MARC21/slim http://www.loc.gov/standards/marcxml/schema/MARC21slim.xsd"
    xmlns="http://www.loc.gov/MARC21/slim">

  <leader>01022nam0a2200241   4500</leader>
  <controlfield tag="001">RU\NLR\BIBL_A\011004549</controlfield>
  <controlfield tag="005">20250624205929.0</controlfield>
  <datafield tag="035" ind1=" " ind2=" ">
    <subfield code="a">(NLR Aleph) 011004549</subfield>
  </datafield>
  <datafield tag="090" ind1=" " ind2=" ">
    <subfield code="a">10986904</subfield>
    <subfield code="c">10986904</subfield>
  </datafield>
  <datafield tag="100" ind1=" " ind2=" ">
    <subfield code="a">20160302d1562    |||y0rusy50      ca</subfield>
  </datafield>
  <datafield tag="101" ind1="0" ind2=" ">
    <subfield code="a">rus</subfield>
  </datafield>
  <datafield tag="102" ind1=" " ind2=" ">
    <subfield code="a">RU</subfield>
  </datafield>
  <datafield tag="105" ind1=" " ind2=" ">
    <subfield code="a">|||||||||||||</subfield>
  </datafield>
  <datafield tag="200" ind1="1" ind2=" ">
    <subfield code="a">[Iuste complaincte de l'eglise catholique &amp; romaine sur la confession &amp; protestation des simulez fideles.</subfield>
    <subfield code="e">Dirig&#xE9;e aux catholiques enfans de ladicte &#xE9;glise.</subfield>
    <subfield code="f">Compos&#xE9;e par Iaques le Fevre N. docteur en la facult&#xE9; de theologie de Sorbonne]</subfield>
  </datafield>
  <datafield tag="210" ind1=" " ind2=" ">
    <subfield code="a">[&#xC0; Paris</subfield>
    <subfield code="c">chez Guillaume Guillard</subfield>
    <subfield code="d">1562]</subfield>
  </datafield>
  <datafield tag="215" ind1=" " ind2=" ">
    <subfield code="a">91 &#x43B;.</subfield>
    <subfield code="d">8&#xB0; (17 &#x441;&#x43C;)</subfield>
  </datafield>
  <datafield tag="307" ind1=" " ind2=" ">
    <subfield code="a">&#x413;&#x440;&#x430;&#x432;. &#x438;&#x43D;&#x438;&#x446;&#x438;&#x430;&#x43B;. &#x417;&#x430;&#x441;&#x442;&#x430;&#x432;&#x43A;&#x430;</subfield>
  </datafield>
  <datafield tag="316" ind1=" " ind2=" ">
    <subfield code="a">&#x42D;&#x43A;&#x437;. &#x434;&#x435;&#x444;.: &#x43D;&#x435;&#x442; &#x43D;&#x430;&#x447;&#x430;&#x43B;&#x430; &#x43A;&#x43D;. &#x441; &#x442;&#x438;&#x442;. &#x43B;.; &#x43E;&#x43F;&#x438;&#x441;&#x430;&#x43D;&#x43E; &#x43F;&#x43E;: KVK UBKA. &#x41F;&#x435;&#x440;&#x433;&#x430;&#x43C;. &#x43F;&#x435;&#x440;. &#x41F;&#x43E;&#x43C;&#x435;&#x442;&#x44B;, &#x445;&#x430;&#x440;&#x430;&#x43A;&#x442;&#x435;&#x440;. &#x434;&#x43B;&#x44F; &#x431;-&#x43A;&#x438; &#x417;&#x430;&#x43B;&#x443;&#x441;&#x43A;&#x438;&#x445;</subfield>
    <subfield code="5">16.104.5.47</subfield>
  </datafield>
  <datafield tag="852" ind1=" " ind2=" ">
    <subfield code="a">NLR</subfield>
    <subfield code="j">16.104.5.47</subfield>
  </datafield>
  <datafield tag="942" ind1=" " ind2=" ">
    <subfield code="c">BOOK</subfield>
  </datafield>
  <datafield tag="980" ind1=" " ind2=" ">
    <subfield code="a">NB</subfield>
  </datafield>
  <datafield tag="980" ind1=" " ind2=" ">
    <subfield code="a">in16</subfield>
  </datafield>
</record>
